| 000 | 00337nam a2200109Ia 4500 | ||
|---|---|---|---|
| 008 | 200302s9999 xx 000 0 und d | ||
| 100 | _aKireet Patel & Others | ||
| 245 | _aSpace Making Craft Vol 1 Arayish Wall Paintings of Shekhawati | ||
| 260 | _bSid Research Cell School Interior design Publishing | ||
| 260 | _c2006 | ||
| 300 | _a125 P., | ||
| 999 |
_c3179 _d3179 |
||